000 00757nam a2200217 a 4500
001 BRCA_1421
005 20190320203423.0
008 960424s1996 mx-a---###---#000-0#spa-#
020 _a9687377143
041 _aspaeng
050 4 _aNK844
_b.M66 1996
100 1 _aMonsiváis, Carlos
_d1938-
_9109
245 1 0 _aBelleza y poesía en el arte popular mexicano
_cCarlos Monsiváis, Fernando del Paso y José Emilio Pacheco.
260 _aMéxico
_bCircuito Artístico Regional Zona Centro
_c1996
300 _a281 p.
_bil. (algunas a color)
_c29 cm.
546 _aTexto en: español e inglés
650 1 4 _aArte popular
_xTemas, motivos
_zMéxico
_94645
700 1 _aPaso, Fernando del
_d1935-
_94646
700 1 _aPacheco, José Emilio
_94647
942 _2lcc
_cB
999 _c1283
_d1283